000 00525nam a2200193 a 4500
001 2222
005 20140414131850.0
008 001113s19uu xx 00 eng d
020 _a0-937934-17-8
050 _aM 591
_bW37 1988
100 _aWexo, John Bonnett
245 _aPenguins: zoobooks /
_cJohn Bonnet Wexo.
260 _aSan Diego :
_bWildlife Educational.
300 _a1 v. (unp.) ; col. : ill. ;.cm
440 _aZoobooks
500 _aNovember 1988, volume 6 no. 2
650 _aPenguin.
999 _c110147
_d110147